00390nam a2200133Ia 4500008004100000020001800041082002000059100002000079245003600099260003200135300000800167546000900175650007200184230312s9999||||xx |||||||||||||| ||und|| a0-07-109380-x a305.4071bGRE-I aGrewal Inderpal 0aIntroduction to Women's Studies bMcGraw HillaNew Yorkc2002 a576 aEng. aManagementvSex difference across culture , Rise of Western Science